000 00823cam a2200289 4500
008 090401t1986 xxu||||| |||| 00| 0 eng d
020 _a0946700311
035 _a(Sirsi) u34960
041 _aeng
050 _a346.4104342
100 _aFreedman, Philip
245 _aService charges : law & practice
260 _aLondon
_bHenry Stewart Publications
_c1986
300 _axi, 120p. ; 22cm.
350 _a17.5
520 _aWith tax notes by Maas,Robert .
650 _aBUSINESS TENANCIES
650 _aLEASES
650 _aProperty management
_96262
650 _aPROPERTY-RESIDENTIAL PROPERTY-RESIDENTIAL LANDLORD AND TENANT-RESIDENTIAL TENANCIES
650 _aSERVICE CHARGES
650 _aTAXATION
650 _aVALUE ADDED TAX
700 _aShapiro, Eric F.
942 _n0
948 _c04/03/1997
999 _c90016
_d90016